A rendezvous with desting: the Roosevelts of the White House (Record no. 224199)

MARC details
000 -LEADER
fixed length control field 00385nam a2200145Ia 4500
008 - FIXED-LENGTH DATA ELEMENTS--GENERAL INFORMATION
fixed length control field 230917s9999||||xx |||||||||||||| ||und||
040 ## - CATALOGING SOURCE
-- 42071
Original cataloging agency VIVEKANANDA LIBRARY
041 ## - Language
-- English
082 ## - DDC NUMBER
Classification number 973.917 R677R
100 ## - MAIN ENTRY--PERSONAL NAME
Personal name Roosevelt, Elliott
245 #2 - TITLE STATEMENT
Title A rendezvous with desting: the Roosevelts of the White House
260 ## - PUBLICATION, DISTRIBUTION, ETC. (IMPRINT)
Place of publication, distribution, etc London
Name of publisher, distributor, etc WH Allen
Date of publication, distribution, etc 1977
300 ## - PHYSICAL DESCRIPTION
Pages 446 p.
942 ## - ADDED ENTRY ELEMENTS (KOHA)
Koha item type Books
Holdings
Withdrawn status Lost status Damaged status Not for loan Location (home branch) Sublocation or collection (holding branch) Date acquired Koha issues (times borrowed) Koha full call number Accession No. Koha date last seen Koha item type
        VIVEKANANDA LIBRARY VIVEKANANDA LIBRARY 12/11/2002   973.917 R677R 90766 17/09/2023 Books
© Designed and Maintained by Vivekananda Library, MDU Rohtak